[Event "Rio Verde Goiano op"]
[Site "Rio Verde"]
[Date "2023.12.03"]
[Round "6"]
[White "Alvares, Pedro Oliveira"]
[Black "Bocca, Edson Ricardo"]
[Result "0-1"]
[WhiteElo "1819"]
[BlackElo "1602"]
[PlyCount "62"]
[EventDate "2023.12.01"]
[EventType "swiss"]
[EventRounds "6"]
[EventCountry "BRA"]
[SourceTitle "CB50_2023"]
[SourceDate "2023.12.13"]
[SourceVersion "1"]
[SourceVersionDate "2023.12.13"]
[SourceQuality "1"]

1. e4 e5 2. Nf3 Nc6 3. Bb5 d6 4. d4 exd4 5. Nxd4 Bd7 6. 0-0 Nxd4 7. Bxd7+ Qxd7 8. Qxd4 Ne7 9. Be3 Nc6 10. Qc3 0-0-0 11. Nd2 f6 12. a4 Kb8 13. b4 Ne5 14. b5 c5 15. bxc6 Qxc6 16. Qa5 b6 17. Qa6 Qb7 18. Qxb7+ Kxb7 19. a5 b5 20. a6+ Ka8 21. Rfb1 Rb8 22. Ra5 b4 23. Bf4 Be7 24. Bxe5 dxe5 25. Nc4 Rhc8 26. Ne3 Bf8 27. Ra2 Bc5 28. Nd5 Bd6 29. g3 Rc4 30. f3 Rd4 31. c3 Rxd5 0-1